Statistics for Jobs by Picture

Click here to take the quiz!

General Stats

  • This quiz has been taken 138 times
  • The average score is 11 of 13

Answer Stats

Answer% Correct
Teacher / Teaching
99%
Doctor / Surgeon
94%
Chef
90%
Firefighter
89%
President
89%
Athlete / Runner
86%
Dentist / Orthodontist
86%
Vet
86%
Waiter / Waitress / Host
80%
Judge / Court
74%
Scientist
71%
Zookeeper
67%
Construction Worker
47%

Score Distribution

Percentile by Number Answered

Percent of People with Each Score

Your Score History

You have not taken this quiz